| 000 | 00479nam a2200181Ia 4500 | ||
|---|---|---|---|
| 008 | 230917s9999||||xx |||||||||||||| ||und|| | ||
| 020 | _cRS675 | ||
| 040 |
_e243572 _aMAIN |
||
| 041 | _aEnglish | ||
| 082 | _a620.1 T487E(5) | ||
| 100 | _aTimoshenko, S | ||
| 245 | 0 | _aEngineering mechanics | |
| 250 | _a5th ed. | ||
| 260 |
_aChennai _bMcGraw-Hill Education (India) _c2017 |
||
| 300 | _axix, 857 p. | ||
| 500 | _a2943 27/11/2017 HBD17/7108 05/12/2017 UIET (SFS) | ||
| 942 | _cBK | ||
| 999 |
_c24671 _d24671 |
||